| 000 | 00490nam a22001937a 4500 | ||
|---|---|---|---|
| 003 | CEME | ||
| 005 | 20210628203224.0 | ||
| 008 | 210203b xxu||||| |||| 00| 0 eng d | ||
| 020 | _a8131706923 | ||
| 040 | _c. | ||
| 082 | _a658 CER | ||
| 100 |
_aCerto, Samuel C , Certo, S.Trevis _964083 |
||
| 245 | _aModern management | ||
| 250 | _a10TH | ||
| 260 |
_aINDIA _bPEARSON EDUCATION _c2006 |
||
| 300 | _aXXII, 621P | ||
| 650 |
_aMANAGEMENT , .MODERN MANAGEMENT _964084 |
||
| 942 |
_cBK _2ddc |
||
| 999 |
_c572712 _d572712 |
||